000 00483nam a2200181Ia 4500
001 22569
005 20260414150840.0
008 260414t2005||||xx |||||||||||||| ||spa||
041 _aESP
082 _a621.382
_bP43
100 _aPerros, Harry G.
_eAUT
245 0 _aConnection-oriented networks :
_bSONET/SDH, ATM, MPLS, and optical networks
260 _c2005
300 _axxiv, 332 páginas :
_cil. ; 25 cm.
650 _aTCA
654 _aCET
942 _cLIB
_dJUS
_fJUS
_2ddc
_n
999 _c22569
_d22569